Suomen 5 suurinta järveä - Statistics

Yleistilastot
  • Tätä visaa on pelattu 1 193 kertaa
  • Keskiarvotulos 3 / 5
Vastaustilastot
Hint Vastaus % Oikein
Saimaa
98%
Päijänne
82%
Inari
70%
Pielinen
47%
Oulujärvi
43%
Ehtoja vastaavia visoja ei löytynyt
Tulosjakauma
Jokaisen tuloksen saaneiden osuus
Persentiili vastausten määrän mukaan
Tuloshistoriasi
Et ole pelannut tätä visaa